<?xml version='1.0' encoding='UTF-8'?>
  <record xmlns="http://www.loc.gov/MARC21/slim">
    <leader>00000ckm a22000007i 4500</leader>
    <controlfield tag="001">on1103333750</controlfield>
    <controlfield tag="003">OCoLC</controlfield>
    <controlfield tag="005">20240127100239.6</controlfield>
    <controlfield tag="008">190604s1882    sa nnn            inzxx d</controlfield>
    <datafield tag="040" ind1=" " ind2=" ">
      <subfield code="a">QGJ</subfield>
      <subfield code="b">eng</subfield>
      <subfield code="e">rda</subfield>
      <subfield code="e">dcrmmss</subfield>
      <subfield code="c">QGJ</subfield>
      <subfield code="d">OCLCQ</subfield>
      <subfield code="d">OCLCO</subfield>
      <subfield code="d">OCLCL</subfield>
    </datafield>
    <datafield tag="035" ind1=" " ind2=" ">
      <subfield code="a">(OCoLC)1103333750</subfield>
    </datafield>
    <datafield tag="044" ind1=" " ind2=" ">
      <subfield code="a">sa</subfield>
      <subfield code="a">ne</subfield>
    </datafield>
    <datafield tag="245" ind1="0" ind2="0">
      <subfield code="a">Album containing photographs of Boers who fought in the First Boer War (1880-1881) offered to P. Harting :</subfield>
      <subfield code="k">photo album.</subfield>
    </datafield>
    <datafield tag="246" ind1="3" ind2=" ">
      <subfield code="a">Aan den Weled. Hooggel. Heer, Doctor P. Harting door eenige vrienden uit den Oranje Vrijstaat, aangeboden als een bewijs van Erkentelijkheid voor de vele diensten door Z. Hooggel. hunnen Transvaalschen Broederen bewezen. Bloemfontein</subfield>
    </datafield>
    <datafield tag="246" ind1="3" ind2=" ">
      <subfield code="a">P. Harting's photo album containing portraits of Boers who fought in the the First Boer War (1880-1881)</subfield>
    </datafield>
    <datafield tag="246" ind1="3" ind2=" ">
      <subfield code="a">Cartes de visite P. Harting</subfield>
    </datafield>
    <datafield tag="264" ind1=" " ind2="0">
      <subfield code="a">Bloemfontein,</subfield>
      <subfield code="c">[approximately 1882].</subfield>
    </datafield>
    <datafield tag="300" ind1=" " ind2=" ">
      <subfield code="a">1 volume (unpaged) :</subfield>
      <subfield code="b">photographs ;</subfield>
      <subfield code="c">280 x 214 mm</subfield>
    </datafield>
    <datafield tag="336" ind1=" " ind2=" ">
      <subfield code="a">still image</subfield>
      <subfield code="b">sti</subfield>
      <subfield code="2">rdacontent</subfield>
    </datafield>
    <datafield tag="337" ind1=" " ind2=" ">
      <subfield code="a">unmediated</subfield>
      <subfield code="b">n</subfield>
      <subfield code="2">rdamedia</subfield>
    </datafield>
    <datafield tag="338" ind1=" " ind2=" ">
      <subfield code="a">volume</subfield>
      <subfield code="b">nc</subfield>
      <subfield code="2">rdacarrier</subfield>
    </datafield>
    <datafield tag="340" ind1=" " ind2=" ">
      <subfield code="a">cardboard</subfield>
      <subfield code="2">rdamat</subfield>
    </datafield>
    <datafield tag="500" ind1=" " ind2=" ">
      <subfield code="a">Photographs taken in South-Africa (Bloemfontein, Durban etc.) or the Netherlands.</subfield>
    </datafield>
    <datafield tag="500" ind1=" " ind2=" ">
      <subfield code="a">The smaller photographs have probably served as cartes de visite.</subfield>
    </datafield>
    <datafield tag="500" ind1=" " ind2=" ">
      <subfield code="a">Dedication: Aan den Weled. Hooggel. Heer, Doctor P. Haring door eenige vrienden uit den Oranje Vrijstaat, aangeboden als een bewijs van Erkentelijkheid voor de vele diensten door Z. Hooggel. hunnen Transvaalschen Broederen bewezen. Bloemfontein.</subfield>
    </datafield>
    <datafield tag="500" ind1=" " ind2=" ">
      <subfield code="a">Some pages are decorated with color illustrations of flowers, birds and landscapes.</subfield>
    </datafield>
    <datafield tag="563" ind1=" " ind2=" ">
      <subfield code="a">Leather binding with metal decorations and metal clasps.</subfield>
    </datafield>
    <datafield tag="650" ind1=" " ind2="7">
      <subfield code="a">Carte de visite photographs.</subfield>
      <subfield code="2">fast</subfield>
      <subfield code="0">(OCoLC)fst00847990</subfield>
    </datafield>
    <datafield tag="650" ind1=" " ind2="7">
      <subfield code="a">Photograph collections.</subfield>
      <subfield code="2">fast</subfield>
      <subfield code="0">(OCoLC)fst01061600</subfield>
    </datafield>
    <datafield tag="650" ind1=" " ind2="7">
      <subfield code="a">Photography.</subfield>
      <subfield code="2">fast</subfield>
      <subfield code="0">(OCoLC)fst01061714</subfield>
    </datafield>
    <datafield tag="650" ind1=" " ind2="7">
      <subfield code="a">Portrait photography.</subfield>
      <subfield code="2">fast</subfield>
      <subfield code="0">(OCoLC)fst01072259</subfield>
    </datafield>
    <datafield tag="700" ind1="1" ind2=" ">
      <subfield code="a">Harting, P.</subfield>
      <subfield code="q">(Pieter),</subfield>
      <subfield code="d">1812-1885,</subfield>
      <subfield code="e">dedicatee,</subfield>
      <subfield code="e">former owner.</subfield>
      <subfield code="4">dte</subfield>
      <subfield code="4">fmo</subfield>
      <subfield code="1">https://id.oclc.org/worldcat/entity/E39PBJxcQYdVWjGXdP99PyhCQq</subfield>
    </datafield>
    <datafield tag="758" ind1=" " ind2=" ">
      <subfield code="i">has work:</subfield>
      <subfield code="a">Album containing photographs of Boers who fought in the First Boer War (1880-1881) offered to P. Harting photo album (StillImage)</subfield>
      <subfield code="1">https://id.oclc.org/worldcat/entity/E39PCFYmFQgPyxvxJR6WXcyPQq</subfield>
      <subfield code="4">https://id.oclc.org/worldcat/ontology/hasWork</subfield>
    </datafield>
  </record>